000 00928nam a2200217Ia 4500
008 0000002001 usa 0000000000eng00
090 _aPSP00 G17a
100 1 _aGarcía Revuelta, Alfredo
_d1961
245 1 0 _aAlfredo Garcia Revuelta
_b: sculptures and paintings from the 90's
_c/ photography Diego Ortiz, Cuacli Gutiérrez
300 _a8 p.
_c/ 28 cm.
500 _aExposición realizada en Galería Iturralde, Los Angeles, Febrero 23 Marzo 31, 2001 \ Con el patronazgo del maestro venezolano Jesús Rafael Soto (q.e.p.d.)
600 0 0 _a GARCIA REVUELTA, ALFREDO, 1961/
_xTRABAJOS PICTORICOS
650 1 4 _a PINTURA ESPAÑOLA
650 1 4 _aARTE CONTEMPORANEO ESPAÑOL
650 1 4 _aARTISTAS PLASTICOS ESPAÑOLES
650 1 4 _xCATALOGOS
650 1 4 _aESCULTURA ESPAÑOLA
650 1 4 _xEXPOSICIONES
700 1 _aOrtiz, Diego \ Gutiérrez, Cuacli
999 _c1309
_d1309
260 _aLos Angeles : Iturralde Gallery
_c2001